Direito administrativo : (Record no. 504)

MARC details
000 -LÍDER
Campo Fixo de Controle 00834nam a2200241 a 4500
001 - NÚMERO DE CONTROLE
Campo de Controle 504
003 - IDENTIFICAÇÃO DO NÚMERO DE CONTROLE
Campo de Controle BR-CuiBMT
005 - DATA E HORA DA ÚLTIMA ATUALIZAÇÃO
Campo de Controle 20231129055040.0
008 - DADOS FIXOS
Dados Fixos 231108s2016 bab 000 0 por d
020 ## - INTERNATIONAL STANDARD BOOK NUMBER
Nº do ISBN 9788544211588
040 ## - AGÊNCIA CATALOGADORA
Código da Agência Catalogadora BR-CuiBMT
Agência que transcreveu o registro BR-CuiBMT
080 ## - Nº DA CLASSIFICAÇÃO DECIMAL UNIVERSAL
Nº edição CDU 2007
Nº Class. CDU 342.9
Subd. Auxiliar Comum (079.1)
090 ## - NÚMERO DE CHAMADA
Nº classificação 342.9(79.1)
Cutter C331d
100 1# - ENTRADA PRINCIPAL -- AUTOR PESSOAL
Nome pessoal Carvalho, Matheus
245 10 - TÍTULO PRINCIPAL
Título principal Direito administrativo :
Subtítulo questões comentadas /
Indicação de responsabilidade Matheus Carvalho, Raphael Santana.
260 ## - PUBLICAÇÃO, DISTRIBUIÇÃO, ETC.
Local de publicação Salvador:
Editora JusPODIVM,
Data 2016.
300 ## - DESCRIÇÃO FÍSICA
N. páginas ou volumes 1374 p. ;
Dimensões 24 cm
500 ## - NOTAS GERAIS
Notas gerais Questões de concursos públicos minuciosamente comentadas, com indicação das correntes doutrinárias e jurisprudenciais dominantes.
504 ## - NOTA DE BIBLIOGRAFIA, ETC.
Nota de bibliografia inclui índice.
650 ## - ASSUNTO TÓPICO
Cabeçalho tópico ou nome geográfico Direito administrativo
Subdivisão geral Questões de concurso público
700 ## - ENTRADA SECUNDÁRIA -- NOME PESSOAL
Nome pessoal Santana, Raphael
942 ## - ELEMENTOS DE ENTRADA ADICIONAIS (KOHA)
Fonte de classificação ou esquema de arquivamento Classificação Decimal Universal
Tipo de item do Koha Livros
Holdings
Estado: removido Estado: perdido Fonte de classificação ou esquema de arquivamento Estado: danificado Indisponível para empréstimo Localização permanente Localização atual Data de aquisição Total Checkouts Número de Chamada completo Código de barras Date last seen Número do exemplar Preço efetivo a partir de Tipo de item (Koha)
    Classificação Decimal Universal     Biblioteca da Escola Superior de Contas do TCE/MT Biblioteca da Escola Superior de Contas do TCE/MT 08/11/2023   342.9 C331d BIBTCEMT23110265 08/11/2023 Ex. 1 08/11/2023 Livros

Powered by Koha